<?xml version="1.0" encoding="UTF-8"?>
<record
    xmlns:xsi="http://www.w3.org/2001/XMLSchema-instance"
    xsi:schemaLocation="http://www.loc.gov/MARC21/slim http://www.loc.gov/standards/marcxml/schema/MARC21slim.xsd"
    xmlns="http://www.loc.gov/MARC21/slim">

  <leader>01218    a2200229   4500</leader>
  <controlfield tag="003">Nust</controlfield>
  <controlfield tag="005">20170207154159.0</controlfield>
  <datafield tag="010" ind1=" " ind2=" ">
    <subfield code="a">   92010002 </subfield>
  </datafield>
  <datafield tag="020" ind1=" " ind2=" ">
    <subfield code="a">0023596511</subfield>
  </datafield>
  <datafield tag="040" ind1=" " ind2=" ">
    <subfield code="c">Nust</subfield>
  </datafield>
  <datafield tag="082" ind1="0" ind2="0">
    <subfield code="a">005.265</subfield>
  </datafield>
  <datafield tag="100" ind1="1" ind2=" ">
    <subfield code="a">Irvine, Kip R.,</subfield>
  </datafield>
  <datafield tag="245" ind1="1" ind2="0">
    <subfield code="a">Assembly language for the IBM-PC /</subfield>
    <subfield code="c">Kip R. Irvine.</subfield>
  </datafield>
  <datafield tag="250" ind1=" " ind2=" ">
    <subfield code="a">2nd ed.</subfield>
  </datafield>
  <datafield tag="260" ind1=" " ind2=" ">
    <subfield code="a">New York :</subfield>
    <subfield code="b">Macmillan ;</subfield>
    <subfield code="a">Toronto :</subfield>
    <subfield code="b">Maxwell Macmillan Canada ;</subfield>
    <subfield code="a">New York :</subfield>
    <subfield code="b">Maxwell Macmillan International,</subfield>
    <subfield code="c">c1993.</subfield>
  </datafield>
  <datafield tag="300" ind1=" " ind2=" ">
    <subfield code="a">xxii, 623 p. :</subfield>
    <subfield code="b">ill. ;</subfield>
    <subfield code="c">25 cm. +</subfield>
    <subfield code="e">1 computer disk (3 1/2 in.)</subfield>
  </datafield>
  <datafield tag="500" ind1=" " ind2=" ">
    <subfield code="a">System requirements for computer disk: IBM PC; DOS.</subfield>
  </datafield>
  <datafield tag="505" ind1=" " ind2=" ">
    <subfield code="a">Introduction (Page-1) Hardware and Software Architecture (Page-22) Assembly Language Fundamentals (Page-46) The Macro Assembler (Page-76) Input-Output Services (Page-106) Conditional Processing (Page-141) Numeric Conversions and Libraries (Page-208) String Processing (Page-251) Macro and Structures (Page-285) Disk Storage (Page-327) File Processing (Page-373) High-Level Linking (Page-412) Advanced Topics I (Page-444) Advanced Topics II (Page-477) </subfield>
  </datafield>
  <datafield tag="538" ind1=" " ind2=" ">
    <subfield code="a">Almirah No.6 Shelf No.6</subfield>
  </datafield>
  <datafield tag="650" ind1=" " ind2="0">
    <subfield code="a">Assembly languages (Electronic computers)</subfield>
  </datafield>
  <datafield tag="650" ind1=" " ind2="0">
    <subfield code="a">IBM Personal Computer</subfield>
    <subfield code="x">Programming.</subfield>
  </datafield>
  <datafield tag="942" ind1=" " ind2=" ">
    <subfield code="2">ddc</subfield>
    <subfield code="c">BK</subfield>
  </datafield>
  <datafield tag="999" ind1=" " ind2=" ">
    <subfield code="c">194619</subfield>
    <subfield code="d">194619</subfield>
  </datafield>
  <datafield tag="952" ind1=" " ind2=" ">
    <subfield code="0">0</subfield>
    <subfield code="1">0</subfield>
    <subfield code="2">ddc</subfield>
    <subfield code="4">0</subfield>
    <subfield code="7">0</subfield>
    <subfield code="a">MCS</subfield>
    <subfield code="b">MCS</subfield>
    <subfield code="d">2016-12-12</subfield>
    <subfield code="l">2</subfield>
    <subfield code="o">005.265,IRV</subfield>
    <subfield code="p">MCS36430</subfield>
    <subfield code="r">2024-06-24</subfield>
    <subfield code="s">2024-05-07</subfield>
    <subfield code="w">2016-12-12</subfield>
    <subfield code="y">BK</subfield>
    <subfield code="z">Almirah No.5, Shelf No.5</subfield>
  </datafield>
</record>
